20 ciudades más pobladas de Málaga - Estadísticas

Estadísticas generales
  • Esta prueba ha sido intentada 245 veces
  • La puntuación promedio es 15 de 20
Estadísticas de respuestas
Población Ciudad % Correcto
586384 Málaga
100%
156295 Marbella
99%
70434 Torremolinos
94%
85589 Fuengirola
93%
7581 Benalmádena
91%
41178 Antequera
87%
85377 Vélez-Málaga
87%
91691 Mijas
86%
76975 Estepona
83%
33329 Ronda
83%
21193 Nerja
78%
51300 Rincón de la Victoria
67%
43674 Alhaurín de la Torre
62%
20932 Torrox
59%
26879 Alhaurín el Grande
57%
28412 Cártama
57%
25023 Coín
57%
17857 Manilva
47%
13512 Álora
42%
9886 Pizarra
37%
No se encontraron pruebas coincidentes
Distribución de puntuación
Porcentaje de gente con cada puntuación
Porcentaje por número respondido
Historial de tus puntuaciones
No has intentado esta prueba.